Responses for Show #3065 - Friday, December 19, 1997

Contestants

[<< previous game]

Jim Peterson, a cartoon writer originally from Rock Island, Illinois

John Kilby, an owner of a notary service originally from Brewer, Maine

Monica Erichsen, an educational assistant from Everett, Washington (whose 1-day cash winnings total $2,800)

[next game >>]

Jeopardy! Round responses

FOREIGN STATES
ANIMALS
15 MINUTES OF FAME
(Alex: What we all long for!)
BEATNIK LIT
ORGANIZATIONS
"CAP" & "GOWN"
(Alex: One or both may be in the clue)
    $100 9
Mexico

Monica
    $100 1
Shell

Monica
    $100 21
Potato

Jim
    $100 5
On The Road

John
    $100 26
National Audubon Society

Monica
    $100 10
(John: What is catnip?)

Nightcap

JohnJim
    $200 11
Australia

John
    $200 2
Chimpanzees

Jim
    $200 22
Andy Warhol

Monica
    $200 6
Allen Ginsberg

Jim
    $200 27
prunes

John
    $200 12
Wedding gown

Monica
    $300 17
Brazil

John
    $300 3
Woodpeckers

Monica
    $600 23
Dolly (the cloned sheep)

Monica
    $300 8
Mushroom cloud

Jim
    $300 28
Thomas Jefferson

Monica
    $300 13
Feather in your cap

Monica
    $400 19
India

Monica
    $400 4
Eel

John
    $400 24
Howard Hughes

Jim
    $400 16
William S. Burroughs

Jim
    $400 29
Jehovah's Witnesses

John
    $400 14
Whitecap

Monica
    $500 20
Nigeria

John
    $500 7
Ferrets

John
    $500 25
Gerald Ford

John
    $500 18
(M: What is Shinto?)

Zen Buddhism

MonicaJohn
    $500 30
Elvis Presley

John
    $500 15
"Alice Bluegown"

John

Scores at the first commercial break (after clue 15):

Monica John Jim
$1,400 $1,600 $800

Scores at the end of the Jeopardy! Round:

Monica John Jim
$2,500 $4,500 $1,700

Double Jeopardy! Round responses

U.S. STATES
HEALTH & MEDICINE
THEY'RE ALL GEMS
ANCIENT EGYPT
IN THE KITCHEN WITH IVAN
PREPOSITIONAL PHRASES
    $200 6
California

John
    $200 19
knee

Jim
    $200 16
"Pearl"

Monica
    $200 1
marriage

John
    $200 20
caviar

Monica
    $200 9
(M: What is outback?)

"Down Under"

MonicaJim
    $400 7
Arizona

John
    $400 22
angina

John
    $400 17
Jade

John
    $400 2
Nile

Monica
    $400 21
bread

John
    $400 12
Under The Boardwalk

Jim
    $600 8
(John: What is Wyoming?)
(Jim: What is Colorado?)

Montana

JohnJim
Triple Stumper
    $600 27
(Jim: What is seaweed?)

milk

Jim
Triple Stumper
    $600 18
Ruby Dee

John
    $600 3
Cheops (Khufu)

Jim
    $600 23
mutton

Monica
    $600 13
(Jim: What is Civil War?)

The War Between The States

MonicaJim
    $800 10
Washington

Monica
    $800 28
tuning fork

Monica
    $800 26
The Moonstone

John
    $800 4
Nubia

Jim
    $800 24
Chicken Kiev

Jim
    $800 14
around the horn

John
    $1000 11
Alaska

Monica
    $1000 29
meningitis

Jim
    $1000 30
I.A.L. Diamond

John
    $1000 5
(M: What is Alexandria?)
(Jim: What is Thebes?)

Memphis

MonicaJim
Triple Stumper
    $1000 25
Beef Stroganoff

Monica
    $500 15
(Alex: Dolly's getting a lot of air time on this show!)

beside yourself/one's self

John

Scores at the end of the Double Jeopardy! Round:

Monica John Jim
$6,900 $9,600 $2,900

[wagering suggestions for these scores]

Final Jeopardy! Round responses

HOLLYWOOD HISTORY
JimWhat was How the West Was Won
$0
MonicaWhat is It's a Mad Mad Mad Mad World?
$2,701
JohnWhat was The Great Train Robbery
$4,201
It's A Mad, Mad, Mad, Mad World

Final scores:

Monica John Jim
$9,601 $5,399 $2,900
2-day champion: $12,401 2nd place: Trip to Napa Valley Lodge, Napa, California 3rd place: Pair of Wittnauer Montego Watches

Game dynamics:

Coryat scores:

Monica John Jim
$6,600 $10,100 $2,900
20 R
(including 1 DD),
3 W
23 R
(including 2 DDs),
2 W
14 R,
4 W

Combined Coryat: $19,600

[game clues] [game scores] [suggest correction]

Game tape date: 1997-09-30
The J! Archive is created by fans, for fans. Scraping, republication, monetization, and malicious use prohibited; this site may use cookies and collect identifying information. See terms. The Jeopardy! game show and all elements thereof, including but not limited to copyright and trademark thereto, are the property of Jeopardy Productions, Inc. and are protected under law. This website is not affiliated with, sponsored by, or operated by Jeopardy Productions, Inc. Join the discussion at JBoard.tv.